|
|
|
|
| LEADER |
00000nab a2200000 a 4500 |
| 001 |
vtls000085347 |
| 003 |
SK-MaSNL |
| 005 |
20260303031559.0 |
| 008 |
111031c1979 xo 0 cze |
| 015 |
|
|
|a SNBRA19rr/mm-uuuuu
|
| 035 |
|
|
|a CL0095449
|
| 040 |
|
|
|a SNKBUCL
|b slo
|c SNKBUCL
|e AACR2
|
| 041 |
0 |
|
|a cze
|
| 044 |
|
|
|a xo
|c SK
|
| 080 |
|
|
|a 551.51
|2 1981
|
| 080 |
|
|
|a 631.3
|2 1981
|
| 100 |
1 |
|
|a Slavík, Jaromír
|4 aut
|9 1013833
|
| 245 |
1 |
0 |
|a Numerické řešení separace částíc v proudu vzduchu
|c Jaromír Slavík
|
| 300 |
|
|
|b Obr. 2. Tb. 1.
|
| 650 |
0 |
7 |
|a prúdenie vzduchu
|2 snkbucl
|9 51444
|
| 650 |
0 |
7 |
|a matematické metódy
|2 snkbucl
|9 50175
|
| 655 |
|
7 |
|a články zo zborníkov
|2 snkbucl
|9 166140
|
| 773 |
0 |
|
|t Poľnohospodárska mechanika v teórii a v praxi
|d Banská Bystrica : Dom techniky ČSVTS, 1979
|g S. 72-78
|
| 850 |
|
|
|a Slovenská národná knižnica v Martine
|a MTA001
|
| 852 |
|
|
|a SNK
|b KIS3GCP
|
| 958 |
|
|
|a RK
|
| 992 |
|
|
|a RZB
|
| 999 |
|
|
|c 1658921
|d 1660851
|